000 00256nam a2200097Ia 4500
001 1253535
005 20251031150955.0
008 251031s9999 xx 000 0 und d
245 0 _cSERAP MAMATİ ERATLI
_aY-6 HAYALLERİN RESİMİ
260 _bERDEM YAYINLARI
999 _c1253535
_d1253535